United kingdom (Record no. 38605)
[ view plain ]
| 000 -LEADER | |
|---|---|
| fixed length control field | 00483nam a2200157Ia 4500 |
| 022 ## - INTERNATIONAL STANDARD SERIAL NUMBER | |
| ISSN | TP 690.A1 .P48/ |
| 050 ## - CALL MARK | |
| Classification number | Petroleum review |
| 245 #0 - TITLE STATEMENT | |
| Title | United kingdom |
| 260 ## - PUBLICATION, DISTRIBUTION, ETC. (IMPRINT) | |
| Place of publication | Louisiana State University Press. |
| 260 ## - PUBLICATION, DISTRIBUTION, ETC. (IMPRINT) | |
| Name of publisher | 2018 |
| 260 ## - PUBLICATION, DISTRIBUTION, ETC. (IMPRINT) | |
| Year of publication | 36 p. :ill. ; 29 cm. |
| 300 ## - PHYSICAL DESCRIPTION | |
| Number of Pages | Petroleum--Periodicals. Petroleum engineering--Periodicals. Petroleum industry and trade--Periodicals. |
| 650 ## - SUBJECT ADDED ENTRY--TOPICAL TERM | |
| Topical Term | SR |
No items available.